01092nam a2200241Ia 4500001000600000003000900006008004100015040001300056040001300069041001300082100001900095100002900114245002700143245002900170250001100199260001100210260001300221260004900234300005900283500045500342650002200797650003100819A9215IT-RoPAU130308s9999 xx 000 0 und d aIT-RoPAU cIT-RoPAU aITALIANO aRisè Claudio gCodice Aut. SPICS: 10814 aCinema e la magia (Il) bStoria del Cinema (La)-1 a1a ed. aMILANO bVallardi c1966 [1° Ed.:1966 - Ed.Ling.Originale:1966] a"18 p. (prefazione: no ; testo: 18 [pagine: 284-301])" aCinema Come la Magia è un Mondo di immagini Incorporee. Già Melies si Era Fantasiosamente Cimentato con Demoni e Manieri Incantati. Ma Fu Il Cinemanord Europeo Quello che Strinse I Piu' Solidi legami con la Magia, Portando Sullo schermo le Antiche Credenze e I Rovelli religiosi dei Popoli Scandinavi. Magia poco Ortodossa. Filone magico Allucinatorio. Ambiguo Mondo magico di Bergman. magie Come Pretesto per Il Divertimento. Magia All'Italiana. aSTORIA DEL CINEMA eCodice materia Spics: 6808